| 000 | nam a22 a 4500 | ||
|---|---|---|---|
| 999 |
_c413919 _d413919 |
||
| 003 | BLK | ||
| 005 | 20221208031058.0 | ||
| 008 | 210513b bu |||||r|||| 00| | bu d | ||
| 020 | _a9786192450427 | ||
| 040 | _aBLK | ||
| 041 |
_aBUL _cBUL |
||
| 080 |
_aМакедонски език _b811.163.3 _z811.163.3 |
||
| 139 |
_aЗа официалния език на Република Северна Македония _bЗ 12 |
||
| 245 |
_aЗа официалния език на Република Северна Македония _cАна Кочева и др. |
||
| 257 | _aBGR | ||
| 260 |
_9209388 _aСофия _bАкад. изд. Проф. Марин Дринов _c2020 _n978-954-322- ; 954-430- |
||
| 300 |
_a64 с. _bс цв. ил., к., факс. _c24 см |
||
| 380 | _a80 | ||
| 500 | _aДруги авт.: Анна Чолева-Димитрова, Ваня Мичева, Георги Николов, | ||
| 504 | _aБиблиогр.: с. 57-59 | ||
| 650 | 0 |
_9283283 _aМакедонски език |
|
| 650 | 0 |
_9453342 _aСеверна Македония - езикознание |
|
| 700 |
_aКочева-Лефеджиева, Ана Иванова _eсъавт. _91445 |
||
| 852 | _aЦб 305050 | ||
| 856 |
_i0.00 _ldisable |
||
| 942 |
_cKNG _n0 _s1 _01 |
||
| 944 |
_aCR _c2021-05-13 _kВР |
||
| 999 | _d413919 | ||
| 999 | _d413919 | ||